Central Library OPAC University of Rajshahi

Goals of economic life / (Record no. 2186)

MARC details
000 -LEADER
fixed length control field 00848cam a22003011 4500
001 - CONTROL NUMBER
control field 2186
003 - CONTROL NUMBER IDENTIFIER
rucl marc code BD-RjUL
005 - DATE AND TIME OF LATEST TRANSACTION
control field 20211208233512.0
008 - FIXED-LENGTH DATA ELEMENTS--GENERAL INFORMATION
fixed length control field 131210s1953 nyu 000 0 eng
035 ## - SYSTEM CONTROL NUMBER
System control number (BD-RjUL)2213
System control number (OCoLC)283300
040 ## - CATALOGING SOURCE
Original cataloging agency DLC
Transcribing agency OYU
Modifying agency OCoLC
-- DLC
-- (BD-RjUL)
Language of cataloging eng
041 ## - LANGUAGE CODE
Language code of text/sound track or separate title eng
082 ## - DEWEY DECIMAL CLASSIFICATION NUMBER
Classification number 330.82
Author mark and year GOA
100 1# - MAIN ENTRY--PERSONAL NAME
Personal name Ward, Alfred Dudley
Dates associated with a name 1914-
9 (RLIN) 7142
245 10 - TITLE STATEMENT
Title Goals of economic life /
Statement of responsibility, etc. Alfred Dudley Ward
250 ## - EDITION STATEMENT
Edition statement 1st ed.]
260 ## - PUBLICATION, DISTRIBUTION, ETC. (IMPRINT)
Place of publication, distribution, etc. New York,
Name of publisher, distributor, etc. Harper
Date of publication, distribution, etc. [1953]
300 ## - PHYSICAL DESCRIPTION
Pagination 470 p. ;
Size 21 cm.
490 0# - SERIES STATEMENT
Series statement [The Ethics and economics of society]
650 #0 - SUBJECT ADDED ENTRY--TOPICAL TERM
Topical term or geographic name as entry element Economics.
9 (RLIN) 7143
Topical term or geographic name as entry element Social ethics.
9 (RLIN) 5055
Topical term or geographic name as entry element Church and social problems.
9 (RLIN) 7144
651 #0 - SUBJECT ADDED ENTRY--GEOGRAPHIC NAME
Geographic name United States
General subdivision Economic policy.
9 (RLIN) 7145
942 ## - ADDED ENTRY ELEMENTS (KOHA)
Source of classification or shelving scheme Dewey Decimal Classification
Koha item type Books
Holdings
Lost status Source of classification or shelving scheme Damaged status Not for loan Collection code Permanent Location Current Location Shelving location Date acquired Source of acquisition Total Checkouts Full call number Date last seen Copy number Koha item type
  Dewey Decimal Classification   Not For Loan Non-fiction Central Library, University of Rajshahi Central Library, University of Rajshahi Reading Room 26/08/1956 U.S.I.S Gift   330.82 WAG 1953 10/12/2013 C-1 Books